| 000 | 00679nam a2200253Ia 4500 | ||
|---|---|---|---|
| 001 | dia_2177 | ||
| 003 | CHAP | ||
| 005 | 20221208134402.0 | ||
| 008 | 220117s1965 xx 000 0 und d | ||
| 010 | _a170696 | ||
| 040 | _cCHAP | ||
| 082 | _a638.1 R64 | ||
| 100 |
_aRoma Fábrega, A. _999466 |
||
| 245 |
_aMultiplicación del Colmenar / _c por A. Roma Fábrega |
||
| 260 |
_aBarcelona, España : _b Sintes, _c1965 |
||
| 300 | _a2 vols | ||
| 650 |
_a1.Apicultura/ _9147732 |
||
| 650 |
_aAbejas/ _9182 |
||
| 650 |
_aMiel. _9140677 |
||
| 901 | _a638.1 R64 | ||
| 902 | _aM | ||
| 905 | _a0000001965 BARX 0000000000SPA00 | ||
| 942 |
_cLIBRO _2ddc |
||
| 999 |
_c170696 _d170696 |
||